[Event "OP-2021-0-05213"]
[Site "LSS email"]
[Date "2021.11.12"]
[Round "?"]
[White "Pivirotto, Filiberto"]
[Black "Puntus, Vladimir"]
[Result "0-1"]
[WhiteElo "1460"]
[BlackElo "2147"]
[PlyCount "100"]
[EventDate "2021.11.10"]
[EventType "tourn (corr)"]
[EventRounds "4"]
[EventCountry "GER"]
[SourceTitle "Corr 2024"]
[Source "ChessBase"]
[SourceDate "2023.10.19"]
[SourceVersion "1"]
[SourceVersionDate "2023.10.19"]
[SourceQuality "1"]

1. b3 e5 2. Bb2 Nc6 3. e3 d5 4. Bb5 Bd6 5. f4 f6 6. Ne2 Nge7 7. fxe5 fxe5 8. 0-0 a6 9. Bxc6+ Nxc6 10. c4 dxc4 11. Na3 Bxa3 12. Bxa3 Be6 13. Ng3 Qd3 14. Qh5+ Qg6 15. Qh4 cxb3 16. axb3 Qg4 17. Qxg4 Bxg4 18. Ne4 0-0-0 19. Rf7 Rhg8 20. Rc1 a5 21. Rf2 Rge8 22. Ng5 h6 23. Ne4 Be6 24. Rb1 Bg8 25. Rb2 Nb4 26. Bxb4 axb4 27. Kf1 b6 28. Ke2 Bh7 29. d3 Re7 30. Rf1 Red7 31. Nf2 Bxd3+ 32. Nxd3 Rxd3 33. Rf7 Rc3 34. Rxg7 Rdd3 35. Rg8+ Kb7 36. Rh8 Rxe3+ 37. Kd1 Rcd3+ 38. Rd2 Rxb3 39. Rxh6 Ra3 40. Rb2 c5 41. Rf6 Ka6 42. Rff2 Kb5 43. g4 Ra1+ 44. Kd2 Rh3 45. Ke2 c4 46. Rd2 b3 47. Rd5+ Kb4 48. Rxe5 b2 49. Rff5 Re1+ 50. Kxe1 b1Q+ 0-1